| 000 | 00362nam a2200145Ia 4500 | ||
|---|---|---|---|
| 008 | 220216s9999 xx 000 0 und d | ||
| 100 | _aBader Harry F | ||
| 245 | 0 | _aMagnesium content in latex-pinholes in gloves | |
| 260 |
_bRubber Asia _c1999 |
||
| 300 | _a77-78 | ||
| 650 | _aGloves | ||
| 650 | _aLatex-pinhole | ||
| 650 | _aMagnesium content | ||
| 942 | _cJS | ||
| 999 |
_c62352 _d62352 |
||